|
|
|
|
| LEADER |
00000cam a2200000 7i4500 |
| 001 |
0000000206 |
| 005 |
20151222.0 |
| 008 |
070628 |
| 020 |
|
|
|a 983340703X
|
| 090 |
0 |
0 |
|a JF
|b PR MAL (715)
|
| 100 |
0 |
|
|a Husna Ali
|
| 245 |
1 |
0 |
|a Bercuti di rumah datuk nenek
|c Husna Ali
|
| 260 |
|
|
|a Kuala Lumpur :
|b Al Ramadhan ,
|c 2005
|
| 440 |
|
|
|a Siri cerita kaunseling
|
| 500 |
|
|
|a Children ages 7-9 years old (orange)
|
| 650 |
|
0 |
|a Public relation
|x Malay
|x Languages
|
| 999 |
|
|
|a 0000954236
|b Book
|c Children Collection
|e Cawangan Bukit Gambir
|
| 999 |
|
|
|a 0000954237
|b Book
|c Children Collection
|e Perbadanan Perpustakaan Awam Johor
|
| 999 |
|
|
|a 0000954238
|b Book
|c Children Collection
|e Perbadanan Perpustakaan Awam Johor
|
| 999 |
|
|
|a 0000954239
|b Book
|c Children Collection
|e Cawangan Muar
|
| 999 |
|
|
|a 0000970611
|b Book
|c Children Collection
|e Cawangan Tmn. Ungku Tun Aminah
|
| 999 |
|
|
|a 0000970612
|b Book
|c Children Collection
|e Perbadanan Perpustakaan Awam Johor
|
| 999 |
|
|
|a 0000974442
|b Book
|c Children Collection
|e Cawangan Tmn. Ungku Tun Aminah
|
| 999 |
|
|
|a 0000974445
|b Book
|c Children Collection
|e Cawangan Bukit Gambir
|
| 999 |
|
|
|a 0000974446
|b Book
|c Children Collection
|e Cawangan Bandar Penawar
|
| 999 |
|
|
|a 0001165695
|b Book
|c Children Collection
|e Cawangan Taman Universiti
|
| 999 |
|
|
|a 0001165698
|b Book
|c Children Collection
|e Cawangan Bukit Gambir
|
| 999 |
|
|
|a 0001165700
|b Book
|c Children Collection
|e Cawangan Bandar Penawar
|
| 999 |
|
|
|a 0001165702
|b Book
|c Children Collection
|e Cawangan Mersing
|
| 999 |
|
|
|a 0001165705
|b Book
|c Children Collection
|e Cawangan Segamat
|
| 999 |
|
|
|a 0001165706
|b Book
|c Children Collection
|e Cawangan Pontian
|
| 999 |
|
|
|a 0001165707
|b Book
|c Children Collection
|e Cawangan Taman Sri Lambak
|
| 999 |
|
|
|a 0001165708
|b Book
|c Children Collection
|e Cawangan Tmn. Ungku Tun Aminah
|